000
00327 a2200145 4500
001
177569
020
_a
040
_c
Magnum
100
_a
Grupo Projetar
240
1
0
_a
Vivencias uma aprendizagem efetiva
_l
por
245
1
0
_a
Vivencias uma aprendizagem efetiva
362
0
_a
1899
697
_a
MAGNITO: ENSINO
942
_c
BK
999
_c
177569
_d
177569